000 00516nam a2200181Ia 4500
005 20250508152108.0
008 008 250505s9999 xx 000 0 eng d
037 _aTextual
040 _aFEDL
_beng
_cFEDL
041 _aeng
_2eng
084 _a371.4, RAM
_qFEDL
100 _aRamachandran G.
245 0 _aOrienting primary schools towards the basic pattern
300 _a16p.
650 _aEducational - Guideance and Council
_9760740
942 _cTEXL
_h371.4, RAM
999 _c1334217
_d1334217